| 000 | 00799cam a2200217 a 4500 | ||
|---|---|---|---|
| 003 | SISC | ||
| 005 | 20141211143803.0 | ||
| 008 | 141117s ph 000 0 eng d | ||
| 020 | _a9789719222194 | ||
| 050 | 0 | 0 |
_aHG 5762 _b.Sa22 2007 |
| 100 | 1 | _aSantos, Rhoderick R. | |
| 245 | 1 | 0 |
_aEssentials of investments in the Philippine capital market : _cRhoderick R. Santos ; Aquino [and thirteen others], contributors. _bworkbook / |
| 250 | _a2nd edition. | ||
| 260 |
_aLas PiƱas City, Philippines : _bSouthville International School and Colleges, _cc2007. |
||
| 300 |
_a184 pages : _billustrations ; _c26 cm. |
||
| 521 | _aBusiness Administration | ||
| 650 | 0 |
_aInvestments _zPhilippines. |
|
| 650 | 0 |
_aCapital market _zPhilippines. |
|
| 650 | 0 |
_aFinance _zPhilippines. |
|
| 942 |
_2lcc _cBK _kFIL |
||
| 999 |
_c276934 _d276934 |
||